Formula On Records - Statistics

General Stats
  • This quiz has been taken 9 times
  • The average score is 10 of 12
Answer Stats
Record Driver % Correct
Most Constructors Titles Ferrari
100%
Most Race Wins Lewis Hamilton
100%
Most Pole Positions Lewis Hamilton
100%
Most Wins in a Season Max Verstappen
100%
Youngest Race Winner Max Verstappen
100%
Most Championships Michael Schumacher/Lewis Hamilton
100%
Most Races Fernando Alonso
86%
Most Races without a Podium Nico Hulkenberg
86%
Most Races without a Championship Rubens Barrichello
71%
Most Consecutive Wins Sebastian Vettel
71%
Most Races before Maiden Win Sergio Perez
57%
Most Race Wins without a Championship Stirling Moss
43%
No matching quizzes found
Score Distribution
Percent of People with Each Score
Percentile by Number Answered
Your Score History
You have not taken this quiz